ბათუმის შოთა რუსთაველის სახელმწიფო უნივერსიტეტის ბიბლიოთეკა

მოზაიკური სინთეზი: : წერილები ვაჟა-ფშაველაზე : (ბიბ.ჩანაწერი № 57582)

000 -ლიდერი
ფიქსირებული სიგრძის საკონტროლო ველი 01934nam a22002537a 4500
003 - საკონტროლო ნომრის იდენტიფიკატორი
საკონტროლო ველი Ge_BSU
005 - ბოლო ოპერაციის თარიღი და დრო
საკონტროლო ველი 20200807134728.0
008 - ფიქსირებული სიგრძის მონაცემთა ელემენტები - ზოგადი ინფორმაცია
ფიქსირებული სიგრძის საკონტროლო ველი 200807s2019 ge ||||| |||| 00| 0 geo d
020 ## - წიგნის საერთაშორისო სტანდარტული ნომერი
International Standard Book Number 9789941138096
041 ## - ენის კოდი
Language code of text/sound track or separate title geo
080 ## - უნივერსალური ათობითი კლასიფიკაციის ინდექსი
Universal Decimal Classification number 821.353.1(092 ვაჟა-ფშაველა) შ-24
100 ## - მთავარი ჩანაწერი - პიროვნების სახელი
Personal name შარაბიძე, თამარ,
Relator term ავტორი.
9 (RLIN) 5772
245 ## - ცნობა სათაურის შესახებ
Title მოზაიკური სინთეზი: : წერილები ვაჟა-ფშაველაზე :
Remainder of title [მონოგრაფია] /
Statement of responsibility, etc თამარ შარაბიძე ; რედაქტორი ინგა სანიკიძე ; გარეკანის დიზაინერი მარიამ ებრალიძე ; ივანე ჯავახიშვილის სახელობის თბილისის სახელმწიფო უნივერსიტეტი.
264 ## - წარმოების, გამოცემის, დისტრიბუციის და სხვა ცნობები
გამოცემის, წარმოების, დისტრიბუციის... ადგილი თბილისი :
გამოცემის, წარმოების, დისტრიბუციის... სახელწოდება თბილისის უნივერსიტეტის გამომცემლობა,
გამოცემის, წარმოების, დისტრიბუციის... თარიღი 2019.
300 ## - ფიზიკური აღწერა
Extent 410 გვ. ;
Other physical details 20 სმ.
504 ## - BIBLIOGRAPHY, ETC. NOTE
Bibliography, etc ბიბლიოგრაფია სტატიების ბოლოს.
653 ## - INDEX TERM--UNCONTROLLED
Uncontrolled term ვაჟა-ფშაველა, 1861-1915.
653 ## - INDEX TERM--UNCONTROLLED
Uncontrolled term ქართველი მწერლები
653 ## - INDEX TERM--UNCONTROLLED
Uncontrolled term ლიტერატურის ისტორია და კრიტიკა -- ქართული პოეზია
700 ## - ADDED ENTRY--PERSONAL NAME
Personal name სანიკიძე, ინგა
Relator term რედაქტორი
9 (RLIN) 9112
700 ## - ADDED ENTRY--PERSONAL NAME
Personal name ებრალიძე, მარიამ
Relator term გარეკანის დიზაინერი
9 (RLIN) 9113
710 ## - ADDED ENTRY--CORPORATE NAME
Corporate name or jurisdiction name as entry element ივანე ჯავახიშვილის სახელობის თბილისის სახელმწიფო უნივერსიტეტი
9 (RLIN) 9128
942 ## - ADDED ENTRY ELEMENTS (KOHA)
Source of classification or shelving scheme
Koha item type წიგნი
ეგზემპლარები
ჩამოწერის სტატუსი დაკარგული ეგზემპლარის სტატუსი კლასიფიკაციის წყარო ან თაროზე გაწყობის სქემა დაზიანების სტატუსი არ გაიცემა მუდმივი მდებარეობა (დაცვის ადგილი) ამჟამინდელი ადგილსამყოფელი თაროზე განთავსების ადგილი შეძენის თარიღი ღირებულება, შესყიდვის ნორმალური ფასი სრული შენახვის შიფრი შტრიხკოდი ბოლო ოპერაციის თარიღი ეგზემპლარის მიმდევრობითი ნომერი (კეტერი?) ფასის ძალაში შესვლის თარიღი ეგზემპლარის სახეობა საჯარო შენიშვნა
          ბათუმის შოთა რუსთაველის სახელმწიფო უნივერსიტეტის მთავარი ბიბლიოთეკა ბათუმის შოთა რუსთაველის სახელმწიფო უნივერსიტეტის მთავარი ბიბლიოთეკა წიგნსაცავი 2020-08-07 7.00 821.353.1(092 ვაჟა-ფშაველა) შ-24 60780 2020-08-07 60780 2020-08-07 წიგნი 7 ლ..